Foreign experts in china (Record no. 588800)
[ view plain ]
| 000 -LEADER | |
|---|---|
| fixed length control field | 00457nam a22001457a 4500 |
| 020 ## - INTERNATIONAL STANDARD BOOK NUMBER | |
| International Standard Book Number | 9787546162171 |
| 040 ## - CATALOGING SOURCE | |
| Transcribing agency | NUST |
| 082 ## - DEWEY DECIMAL CLASSIFICATION NUMBER | |
| Classification number | 951.099 |
| Author Mark | FOR |
| 100 ## - MAIN ENTRY--PERSONAL NAME | |
| Personal name | Boshu Liang |
| 9 (RLIN) | 15011 |
| 245 ## - TITLE STATEMENT | |
| Title | Foreign experts in china |
| Remainder of title | Stories of the Chinese Government’s Friendship Award Winners (Science and Technology) |
| Statement of responsibility, etc. | Liang Boshu |
| 260 ## - PUBLICATION, DISTRIBUTION, ETC. | |
| Place of publication, distribution, etc. | Huang shan publishing house |
| Date of publication, distribution, etc. | 2016 |
| 300 ## - PHYSICAL DESCRIPTION | |
| Extent | ill, 150 p.; |
| Dimensions | 18 cm. |
| 500 ## - GENERAL NOTE | |
| General note | Paper BACK |
| 942 ## - ADDED ENTRY ELEMENTS (KOHA) | |
| Source of classification or shelving scheme | |
| Koha item type | Book |
| Withdrawn status | Lost status | Source of classification or shelving scheme | Damaged status | Not for loan | Permanent Location | Current Location | Shelving location | Date acquired | Full call number | Barcode | Date last seen | Price effective from | Koha item type |
|---|---|---|---|---|---|---|---|---|---|---|---|---|---|
| Centre for International Peace & Stability (CIPS) | Centre for International Peace & Stability (CIPS) | General Stacks | 03/16/2022 | 951.0099 FOR 2016 | CIPSD0000666 | 03/16/2022 | 03/16/2022 | Book |
